IFM Opac

EMPIRE AND SLAVERY (Record no. 14440)

MARC details
000 -LEADER
fixed length control field 00359nam a22001457a 4500
082 ## - DEWEY DECIMAL CLASSIFICATION NUMBER
Classification number 326.9RIC
100 ## - MAIN ENTRY--PERSONAL NAME
Personal name RICHARDSON PATRICK
245 ## - TITLE STATEMENT
Title EMPIRE AND SLAVERY
260 ## - PUBLICATION, DISTRIBUTION, ETC.
Place of publication, distribution, etc. LONDON
Name of publisher, distributor, etc. LONGMANS
Date of publication, distribution, etc. 1968
300 ## - PHYSICAL DESCRIPTION
Extent X,158P
Other physical details ILL,:20CM
500 ## - GENERAL NOTE
General note INCLUDE BIBLIOGRAPHY AND INDEX
650 ## - SUBJECT ADDED ENTRY--TOPICAL TERM
Topical term or geographic name entry element EMPIRE AND SLAVERY
700 ## - ADDED ENTRY--PERSONAL NAME
Personal name RICHARDSON PATRICK
942 ## - ADDED ENTRY ELEMENTS (KOHA)
Koha item type Books
Holdings
Withdrawn status Lost status Damaged status Not for loan Home library Current library Shelving location Date acquired Total Checkouts Full call number Barcode Date last seen Price effective from Koha item type
Withdrawn       IFM Main Campus Library IFM Main Campus Library Archival Collection 12/23/2015   326.9RIC 0000007393 12/23/2015 02/19/2022 Books